El Pre-Sandino: Benjamín Zeledón /
Պահպանված է:
| Հիմնական հեղինակ: | |
|---|---|
| Ձևաչափ: | Տեքստ |
| Ցուցիչներ: |
Ավելացրեք ցուցիչ
Չկան պիտակներ, Եղեք առաջինը, ով նշում է այս գրառումը!
|
MARC
| LEADER | 00000 a a2200000 04500 | ||
|---|---|---|---|
| 001 | 2632 | ||
| 003 | |||
| 040 | |||
| 100 | |a Selsen, Gregorio | ||
| 245 | |a El Pre-Sandino: |b Benjamín Zeledón / |c Gregorio Selsen | ||
| 773 | |g número 117; páginas 57-61 | ||
| 999 | |c 30835 |d 30835 | ||
